| Tag |
First Indicator |
Second Indicator |
Subfields |
| LEADER |
00000cam a22000004a 4500 |
| 001 |
in00002249151 |
| 005 |
20151105060415.0 |
| 008 |
061113s2007 enkab b 001 0 eng |
| 010 |
|
|
|a 2006037657
|
| 020 |
|
|
|a 9780754648864 (alk. paper)
|
| 020 |
|
|
|a 0754648869 (alk. paper)
|
| 035 |
|
|
|a (OCoLC)ocm76794731
|
| 035 |
|
|
|a (OCoLC)76794731
|
| 040 |
|
|
|a DLC
|c DLC
|d BAKER
|d BTCTA
|d C#P
|d YDXCP
|d UtOrBLW
|
| 049 |
|
|
|a TXAM
|
| 050 |
0 |
0 |
|a HE9780
|b .I27 2007
|
| 082 |
0 |
0 |
|a 387.7068
|2 22
|
| 100 |
1 |
|
|a Iatrou, Kostas,
|d 1974-
|
| 245 |
1 |
0 |
|a Airline choices for the future :
|b from alliances to mergers /
|c Kostas Iatrou and Mauro Oretti.
|
| 264 |
|
1 |
|a Aldershot, England ;
|a Burlington, VT :
|b Ashgate,
|c [2007]
|
| 264 |
|
4 |
|c ©2007
|
| 300 |
|
|
|a xv, 221 pages :
|b illustrations, map ;
|c 24 cm.
|
| 336 |
|
|
|a text
|b txt
|2 rdacontent
|
| 337 |
|
|
|a unmediated
|b n
|2 rdamedia
|
| 338 |
|
|
|a volume
|b nc
|2 rdacarrier
|
| 504 |
|
|
|a Includes bibliographical references (pages [209]-215) and index.
|
| 505 |
0 |
|
|a Once rivals, now partners : why? -- Learning from the past, looking at the present : first the facts -- Once rivals, now partners : how? -- Landed or stranded--are alliance customers happy? -- Allied and profitable, or miserably entangled? -- Learning from the past, looking at the future : success stories -- Not always a happy ending -- 'The road not taken' : further along the alliance or the merger path?
|
| 650 |
|
0 |
|a Airlines
|x Management.
|
| 650 |
|
0 |
|a Strategic alliances (Business)
|
| 700 |
1 |
|
|a Oretti, Mauro.
|
| 856 |
4 |
1 |
|3 Table of contents only
|u http://www.loc.gov/catdir/toc/ecip075/2006037657.html
|t 0
|
| 938 |
|
|
|a Baker & Taylor
|b BKTY
|c 99.95
|d 99.95
|i 0754648869
|n 0007095139
|s active
|
| 938 |
|
|
|a Baker and Taylor
|b BTCP
|n 2006037657
|
| 938 |
|
|
|a YBP Library Services
|b YANK
|n 2497685
|
| 945 |
|
|
|a PromptCat
|b 174755
|
| 946 |
|
|
|a stk
|
| 947 |
|
|
|a A14836165827
|
| 948 |
|
|
|a cataloged
|b h
|c 2007/7/11
|d c
|e dmartine
|f 4:42:01 pm
|
| 994 |
|
|
|a 92
|b TXA
|
| 999 |
|
|
|a MARS
|
| 999 |
f |
f |
|s bedb3167-bc69-3c70-8231-0155f212bb85
|i f3a1b8c8-9391-30dc-b63d-ce98369f10ed
|t 0
|
| 952 |
f |
f |
|p ric
|a Texas A&M University
|b Rellis Campus
|c Joint Library Facility
|d Remote Storage
|t 0
|e HE9780 .I27 2007
|h Library of Congress classification
|i unmediated -- volume
|m A14836165827
|
| 998 |
f |
f |
|a HE9780 .I27 2007
|t 0
|l Remote Storage
|